[Event "XXV Weekend B"]
[Site "Robecchetto con Induno ITA"]
[Date "2014.12.27"]
[Round "2"]
[White "Ruggeri, Igor"]
[Black "Persico, Lorenzo"]
[WhiteElo "1511"]
[BlackElo "1408"]
[Result "1/2-1/2"]
[PlyCount "50"]
[EventDate "2014.12.26"]

1. d4 Nf6 2. c4 e6 3. Nf3 d5 4. e3 Nc6 5. Be2 Bb4+ 6. Bd2 Bxd2+ 7. Nbxd2 b6 8.
O-O Bb7 9. Rc1 Ne7 10. Nb3 O-O 11. c5 Nd7 12. cxb6 cxb6 13. Rc3 Rc8 14. Qd3
Rxc3 15. Qxc3 Qc8 16. Qd2 Ba6 17. Rc1 Qb7 18. Bxa6 Qxa6 19. Rc7 Rd8 20. Nc1 b5
21. Qb4 Nc6 22. Qd6 Ndb8 23. Qf4 Rf8 24. e4 dxe4 25. Qxe4 Qb6 1/2-1/2

[Event "XXV Weekend B"]
[Site "Robecchetto con Induno ITA"]
[Date "2014.12.27"]
[Round "2"]
[White "Tonello, Bruno"]
[Black "Loaldi, Davide"]
[WhiteElo "1383"]
[BlackElo "1590"]
[Result "0-1"]
[PlyCount "99"]
[EventDate "2014.12.26"]

1. d4 Nf6 2. c4 d6 3. Nc3 g6 4. Nf3 Bg7 5. Bg5 Nbd7 6. e4 h6 7. Bd2 O-O 8. Qc1
Kh7 9. Be2 e5 10. d5 Nc5 11. Qc2 a5 12. O-O Nh5 13. Na4 Nxa4 14. Qxa4 f5 15.
Qc2 fxe4 16. Qxe4 Bf5 17. Qe3 Nf6 18. Nh4 Ng4 19. Bxg4 Bxg4 20. Qg3 Bf5 21.
Nxf5 Rxf5 22. Rae1 Qe7 23. Re4 b6 24. f4 Raf8 25. Qe1 g5 26. g3 Qe8 27. Kg2 g4
28. Rh1 Qg6 29. h4 h5 30. Rf1 Qf7 31. a4 Bh6 32. Qe3 Qd7 33. b3 R8f7 34. Qd3
Kh8 35. Qc3 Kg8 36. Qd3 Qe8 37. Bc1 Qf8 38. Qe3 exf4 39. gxf4 Qg7 40. Bd2 Qb2
41. Kg3 Bg7 42. Re8+ Bf8 43. Bc3 Qxb3 44. Qd4 R5f6 45. Re6 Bg7 46. Re8+ Rf8 47.
Rfe1 R6f7 48. Rxf8+ Kxf8 49. Qe3 Qxc3 50. Kf2 0-1

[Event "XXV Weekend B"]
[Site "Robecchetto con Induno ITA"]
[Date "2014.12.27"]
[Round "2"]
[White "Valtemara, Mattia Angelo"]
[Black "Sacchi, Luca"]
[WhiteElo "1444"]
[BlackElo "1360"]
[Result "1-0"]
[PlyCount "119"]
[EventDate "2014.12.26"]

1. e4 c5 2. Nf3 Nc6 3. c3 g6 4. d4 cxd4 5. cxd4 d6 6. Nc3 Bg7 7. Be2 Nf6 8. O-O
O-O 9. h3 Re8 10. Be3 e5 11. dxe5 dxe5 12. Qxd8 Rxd8 13. Rfd1 Be6 14. Ng5 Bd7
15. Bc5 b6 16. Bd6 h6 17. Nf3 Ne8 18. Ba3 Be6 19. b3 a6 20. Rxd8 Rxd8 21. Bxa6
Nc7 22. Bf1 Nd4 23. Rd1 Nxf3+ 24. gxf3 Rxd1 25. Nxd1 b5 26. Bd6 Ne8 27. Bc5 Bd7
28. Kh2 h5 29. Nc3 Nc7 30. a4 bxa4 31. bxa4 Bh6 32. Nb5 Bf4+ 33. Kg2 Bxb5 34.
Bxb5 Nxb5 35. axb5 Bg5 36. Ba7 Bd8 37. b6 Bxb6 38. Bxb6 Kg7 39. Kg3 g5 40. h4
Kg6 41. Bc7 f6 42. Bd6 Kh6 43. Bb4 Kg6 44. Bd2 Kh6 45. f4 exf4+ 46. Bxf4 gxf4+
47. Kxf4 Kg6 48. e5 fxe5+ 49. Kxe5 Kg7 50. Kf5 Kh6 51. Kf6 Kh7 52. Kg5 Kg7 53.
Kxh5 Kh7 54. Kg5 Kg7 55. f4 Kh7 56. Kf6 Kh6 57. Ke6 Kg6 58. f5+ Kg7 59. Ke7 Kg8
60. f6 1-0

[Event "XXV Weekend B"]
[Site "Robecchetto con Induno ITA"]
[Date "2014.12.27"]
[Round "2"]
[White "Vignati, Andrea"]
[Black "Gonella, Graziano"]
[WhiteElo "1490"]
[BlackElo "1174"]
[Result "1-0"]
[PlyCount "175"]
[EventDate "2014.12.26"]

1. e4 e5 2. Nf3 Nc6 3. Nc3 Nf6 4. Bc4 Be7 5. O-O Nxe4 6. Nxe4 d5 7. Bb5 dxe4 8.
Nxe5 Qd5 9. Nxc6 bxc6 10. Ba4 O-O 11. Bb3 Qd8 12. Re1 Bf5 13. f3 Bc5+ 14. Kf1
exf3 15. Qxf3 Bd7 16. d3 Qc8 17. Be3 Bg4 18. Qf2 Bxe3 19. Rxe3 Be6 20. Rg3 Bxb3
21. axb3 Qb7 22. Rg4 Qb6 23. Qxb6 axb6 24. Rxa8 Rxa8 25. Ra4 Rc8 26. Kg1 Kf8
27. Kf2 Ke7 28. Rh4 h6 29. Rg4 g6 30. Ke3 Rd8 31. Re4+ Kf6 32. Kf4 g5+ 33. Kf3
Rd5 34. g4 c5 35. h3 b5 36. Ke3 c6 37. b4 Kg6 38. bxc5 Rxc5 39. c3 Rd5 40. c4
bxc4 41. Rxc4 Re5+ 42. Kd4 Rd5+ 43. Ke4 Rd6 44. Rc5 Re6+ 45. Re5 Rd6 46. b4 f6
47. Ra5 Re6+ 48. Kf3 h5 49. d4 hxg4+ 50. hxg4 Kf7 51. d5 cxd5 52. Rxd5 Rb6 53.
b5 Ke6 54. Rf5 Rd6 55. Rc5 Rd3+ 56. Ke4 Rb3 57. Rc6+ Kd7 58. Rxf6 Rxb5 59. Rf5
Rb4+ 60. Kf3 Rb3+ 61. Ke2 Rb2+ 62. Kd3 Rb3+ 63. Kc4 Rg3 64. Rxg5 Ke6 65. Kd4
Rf3 66. Ke4 Ra3 67. Rf5 Ra4+ 68. Kf3 Ra3+ 69. Kg2 Rb3 70. Rf3 Rb2+ 71. Kg3 Rb5
72. Kh4 Rb4 73. Kh5 Rb5+ 74. g5 Kd5 75. Kh6 Ke4 76. Rf8 Rb6+ 77. g6 Ke5 78. Kh7
Rb7+ 79. g7 Ke6 80. Kh8 Rxg7 81. Kxg7 Ke7 82. Rf6 Kd7 83. Kf7 Kc8 84. Rd6 Kc7
85. Ke7 Kb7 86. Kd7 Kb8 87. Rb6+ Ka7 88. Kc7 1-0

[Event "XXV Weekend B"]
[Site "Robecchetto con Induno ITA"]
[Date "2014.12.27"]
[Round "2"]
[White "Vitale, Aurora"]
[Black "Miracola, Giuseppe"]
[WhiteElo "1410"]
[BlackElo "1181"]
[Result "1-0"]
[PlyCount "84"]
[EventDate "2014.12.26"]

1. e4 e6 2. Nc3 d5 3. Nf3 c5 4. d4 cxd4 5. Nxd4 Bc5 6. Bb5+ Bd7 7. exd5 Bxb5 8.
Ndxb5 a6 9. Nd4 e5 10. Nf3 Bd6 11. O-O Nf6 12. Re1 Nbd7 13. Bg5 h6 14. Bh4 Qc7
15. Qe2 O-O 16. Nd2 b5 17. Nde4 b4 18. Nxf6+ Nxf6 19. Bxf6 bxc3 20. Bxe5 cxb2
21. Bxb2 Bxh2+ 22. Kh1 Rfe8 23. Qd3 Be5 24. Bxe5 Rxe5 25. Rxe5 Qxe5 26. Rb1 Rd8
27. c4 g6 28. g3 Kh7 29. Kg2 Qg5 30. Rb7 Kg8 31. Qf3 Rf8 32. Ra7 a5 33. Rxa5 f5
34. Ra7 h5 35. d6 f4 36. Qb7 f3+ 37. Kh2 Qh6 38. Qd5+ Kh8 39. Rf7 h4 40. Rxf8+
Qxf8 41. d7 hxg3+ 42. Kxg3 Kh7 1-0

[Event "XXV Weekend B"]
[Site "Robecchetto con Induno ITA"]
[Date "2014.12.27"]
[Round "2"]
[White "Vitale, Piero"]
[Black "Cazzola, Franco"]
[WhiteElo "1359"]
[BlackElo "1576"]
[Result "0-1"]
[PlyCount "76"]
[EventDate "2014.12.26"]

1. d4 e6 2. c4 c5 3. d5 e5 4. e4 d6 5. Be2 Be7 6. Nc3 Nf6 7. h3 a6 8. b3 O-O 9.
Nf3 Nfd7 10. Nh2 f5 11. O-O fxe4 12. Nxe4 Nf6 13. Bf3 Nbd7 14. Qe2 Nxe4 15.
Bxe4 Nf6 16. Bd2 Nxe4 17. Qxe4 Bf5 18. Qe2 Qe8 19. Qe3 Qg6 20. Kh1 h6 21. Rg1
b5 22. g4 Be4+ 23. f3 Bg5 24. Qe2 Bxf3+ 25. Nxf3 Bxd2 26. Nxd2 b4 27. Raf1 Qc2
28. Rxf8+ Rxf8 29. Rf1 Rxf1+ 30. Qxf1 Qxd2 31. Qf5 Qc1+ 32. Kh2 Qf4+ 33. Qxf4
exf4 34. Kg2 g5 35. Kf2 Kg7 36. Kf3 Kf6 37. h4 Ke5 38. hxg5 hxg5 0-1

[Event "XXV Weekend B"]
[Site "Robecchetto con Induno ITA"]
[Date "2014.12.27"]
[Round "3"]
[White "Aloe, Giancarlo"]
[Black "Tonello, Bruno"]
[WhiteElo "1631"]
[BlackElo "1383"]
[Result "1-0"]
[PlyCount "57"]
[EventDate "2014.12.26"]

1. d4 d5 2. Nf3 e6 3. g3 Nf6 4. Bg2 Be7 5. O-O O-O 6. Nbd2 Nbd7 7. c4 c5 8. b3
b6 9. Bb2 Bb7 10. e3 Qc7 11. Rc1 Rab8 12. cxd5 exd5 13. dxc5 Nxc5 14. b4 Nd3
15. Rxc7 Nxb2 16. Qb3 Nc4 17. Rxe7 Ne4 18. Nxc4 Ba6 19. b5 dxc4 20. Qxc4 Nd6
21. Qb4 Nxb5 22. Rd1 Rbc8 23. a4 Nc3 24. Re1 Ne2+ 25. Kh1 Rfd8 26. Rxa7 Rc1 27.
Rxa6 h6 28. Rxb6 Rdc8 29. Rb8 1-0

[Event "XXV Weekend B"]
[Site "Robecchetto con Induno ITA"]
[Date "2014.12.27"]
[Round "3"]
[White "Bignami, Matteo"]
[Black "Carando, Enrica"]
[WhiteElo "1536"]
[BlackElo "1362"]
[Result "1-0"]
[PlyCount "61"]
[EventDate "2014.12.26"]

1. d4 Nf6 2. Nf3 g6 3. Nc3 d5 4. Bf4 c6 5. Qd2 Bg7 6. Bh6 O-O 7. Ne5 Nbd7 8.
Bxg7 Kxg7 9. f4 Qa5 10. e3 Nxe5 11. dxe5 Ne4 12. Nxe4 Qxd2+ 13. Nxd2 Bf5 14.
Bd3 Bxd3 15. cxd3 Rad8 16. Nb3 b6 17. Nd4 Rc8 18. g4 e6 19. h4 Rh8 20. Kf2 c5
21. Nb5 a6 22. Nd6 Rc6 23. h5 f6 24. hxg6 Kxg6 25. f5+ exf5 26. gxf5+ Kg7 27.
Rag1+ Kf8 28. Rh6 fxe5 29. Rf6+ Ke7 30. Re6+ Kd8 31. Nf7+ 1-0

[Event "XXV Weekend B"]
[Site "Robecchetto con Induno ITA"]
[Date "2014.12.27"]
[Round "3"]
[White "Bolognese, Leonardo"]
[Black "Vitale, Piero"]
[WhiteElo "1488"]
[BlackElo "1359"]
[Result "1-0"]
[PlyCount "35"]
[EventDate "2014.12.26"]

1. d4 e6 2. c4 c6 3. e4 b6 4. Nc3 Bb7 5. Bd3 h6 6. Nf3 Ne7 7. Bf4 Ng6 8. Bg3
Bb4 9. Qc2 d5 10. exd5 cxd5 11. cxd5 Qxd5 12. Bxg6 fxg6 13. Qxg6+ Ke7 14. Qxg7+
Ke8 15. Qxh8+ Ke7 16. Bxb8 Qe4+ 17. Kd2 Qf4+ 18. Bxf4 1-0

[Event "XXV Weekend B"]
[Site "Robecchetto con Induno ITA"]
[Date "2014.12.27"]
[Round "3"]
[White "Castoldi, Andrea"]
[Black "Ruggeri, Igor"]
[WhiteElo "1419"]
[BlackElo "1511"]
[Result "0-1"]
[PlyCount "102"]
[EventDate "2014.12.26"]

1. e4 c5 2. Nf3 d6 3. d4 cxd4 4. Nxd4 Nf6 5. Nc3 g6 6. Bc4 Bg7 7. Be3 O-O 8.
Qd3 Ng4 9. O-O-O Nxe3 10. Qxe3 Nc6 11. Nxc6 bxc6 12. f4 Qb6 13. Rde1 Rb8 14.
Bb3 Bd4 15. Qd3 Ba6 16. Qd2 Qb4 17. a3 Bxc3 18. Qxc3 Qxc3 19. bxc3 Rb5 20. Bc4
Ra5 21. Bxa6 Rxa6 22. Kb2 Rb8+ 23. Ka2 Rb5 24. Rb1 Rba5 25. Rb3 c5 26. c4 Ra4
27. Re1 Rxc4 28. Kb2 Rb6 29. Rxb6 axb6 30. Kb3 Rd4 31. Kc3 Ra4 32. Kb3 b5 33.
c3 Kg7 34. g3 f6 35. e5 dxe5 36. fxe5 f5 37. Re2 Re4 38. Rxe4 fxe4 39. Kc2 Kf7
40. Kd2 Ke6 41. Ke3 Kxe5 42. h3 g5 43. Ke2 h5 44. Ke3 Kd5 45. h4 gxh4 46. gxh4
e5 47. Kd2 Kc4 48. Ke3 Kxc3 49. Kxe4 Kb2 50. Kxe5 c4 51. Kd4 c3 0-1

[Event "XXV Weekend B"]
[Site "Robecchetto con Induno ITA"]
[Date "2014.12.27"]
[Round "3"]
[White "Cavagna, Marco"]
[Black "Frignani, Alessandro"]
[WhiteElo "1516"]
[BlackElo "1389"]
[Result "1-0"]
[PlyCount "103"]
[EventDate "2014.12.26"]

1. d4 d5 2. Nf3 Nc6 3. e3 Bf5 4. a3 Nf6 5. c4 e6 6. Nc3 Be7 7. Be2 a6 8. O-O
Qd7 9. Bd2 b6 10. b4 a5 11. cxd5 exd5 12. Bb5 Bd6 13. Rc1 O-O 14. Ne2 Ra7 15.
Bxc6 Qe7 16. Nc3 Be4 17. Nb5 Ra6 18. Nc3 axb4 19. axb4 Bxb4 20. Ng5 Bxc3 21.
Bxc3 Bg6 22. Qd2 Rb8 23. Bb4 Qd8 24. Ra1 Qc8 25. Qe2 Rxa1 26. Rxa1 h6 27. Nh3
Qe6 28. Bb5 c6 29. Nf4 Qd7 30. Bd3 Bxd3 31. Nxd3 Qc7 32. Ne5 c5 33. Bc3 c4 34.
f3 Qd6 35. e4 b5 36. exd5 Nxd5 37. Qc2 Qc7 38. Ba5 Qc8 39. Rb1 f6 40. Qe4 Ne7
41. Ng6 Nxg6 42. Qxg6 Qd7 43. Qe4 f5 44. Qe5 Rb7 45. d5 Ra7 46. Bb4 Ra6 47. Re1
Ra4 48. Qe8+ Qxe8 49. Rxe8+ Kh7 50. Be1 Ra1 51. d6 Rxe1+ 52. Rxe1 1-0

[Event "XXV Weekend B"]
[Site "Robecchetto con Induno ITA"]
[Date "2014.12.27"]
[Round "3"]
[White "Cazzola, Franco"]
[Black "Della Peruta, Lorenzo"]
[WhiteElo "1576"]
[BlackElo "1522"]
[Result "1-0"]
[PlyCount "113"]
[EventDate "2014.12.26"]

1. d4 d5 2. e3 Nf6 3. c4 c6 4. Nf3 a6 5. Bd3 Bg4 6. Nbd2 e6 7. Qc2 Nbd7 8. a3
Bd6 9. b4 b5 10. cxb5 cxb5 11. h3 Bxf3 12. Nxf3 Rc8 13. Qe2 O-O 14. O-O Ne4 15.
Bxe4 dxe4 16. Nd2 Nf6 17. Nb3 e5 18. Bb2 Re8 19. Rfd1 Qb6 20. Nc5 exd4 21. Bxd4
Bxc5 22. Bxc5 Qb7 23. Rac1 Red8 24. Bd4 Qe7 25. Qb2 h6 26. Bxf6 Qxf6 27. Qxf6
gxf6 28. Rxd8+ Rxd8 29. Rc6 Kg7 30. Rxa6 Rd1+ 31. Kh2 Ra1 32. g4 Ra2 33. Kg3
Kg6 34. Ra5 Ra1 35. Rxb5 Rxa3 36. Rc5 Ra4 37. b5 Ra5 38. Kf4 Ra2 39. Kg3 Rb2
40. h4 Kg7 41. Rc4 Rxb5 42. Rxe4 Rb1 43. Rd4 Rg1+ 44. Kf4 Rg2 45. f3 Rh2 46. h5
Rf2 47. e4 Rf1 48. Rd3 Re1 49. Re3 Rxe3 50. Kxe3 Kf8 51. Kf4 Ke7 52. Kf5 Kf8
53. Kxf6 Kg8 54. f4 Kf8 55. g5 hxg5 56. fxg5 Kg8 57. h6 1-0

[Event "XXV Weekend B"]
[Site "Robecchetto con Induno ITA"]
[Date "2014.12.27"]
[Round "3"]
[White "Corbelli, Daniele"]
[Black "Milazzo, Gianluca"]
[WhiteElo "1353"]
[BlackElo "1576"]
[Result "1-0"]
[PlyCount "73"]
[EventDate "2014.12.26"]

1. e4 d6 2. d4 Nf6 3. Nc3 g6 4. Be3 c6 5. f3 b5 6. Qd2 Nbd7 7. g4 Nb6 8. h4 h5
9. g5 Nfd7 10. d5 Ne5 11. Bd4 b4 12. Nd1 c5 13. Bb5+ Bd7 14. Bxd7+ Qxd7 15.
Bxe5 dxe5 16. Ne3 O-O-O 17. b3 Qb5 18. Ne2 e6 19. c4 bxc3 20. Nxc3 Qb4 21. Nc2
Qa5 22. a3 exd5 23. b4 Qa6 24. Nxd5 Nxd5 25. exd5 Qd6 26. Ne3 Kb8 27. Kf2 Be7
28. Rhc1 Rc8 29. Nc4 Qc7 30. d6 Bxd6 31. Qxd6 Rhe8 32. Qxc7+ Rxc7 33. Nd6 Re6
34. bxc5 Ka8 35. a4 f6 36. gxf6 Rxf6 37. Ne8 1-0

[Event "XXV Weekend B"]
[Site "Robecchetto con Induno ITA"]
[Date "2014.12.27"]
[Round "3"]
[White "Ferri, Antonio"]
[Black "Vignati, Andrea"]
[WhiteElo "1646"]
[BlackElo "1490"]
[Result "0-1"]
[PlyCount "80"]
[EventDate "2014.12.26"]

1. d4 d5 2. c4 Nf6 3. cxd5 Nxd5 4. Nc3 Nxc3 5. bxc3 Nc6 6. e3 Bf5 7. Nf3 e6 8.
Bd3 Bxd3 9. Qxd3 Bd6 10. O-O O-O 11. Re1 Re8 12. e4 e5 13. Bb2 Qf6 14. Re2 exd4
15. cxd4 Qg6 16. Rd1 Nb4 17. Qb1 Nd5 18. e5 Nf4 19. Qxg6 Nxe2+ 20. Kf1 hxg6 21.
Kxe2 Rad8 22. Kd3 Bxe5 23. Kc4 Bf6 24. Rd2 Rd6 25. g4 Rc6+ 26. Kd3 Ra6 27. a3
Rb6 28. g5 Rb3+ 29. Bc3 Be7 30. a4 Bb4 31. Rc2 Bxc3 32. Rxc3 Rxc3+ 33. Kxc3 Re2
34. Ne5 Rxf2 35. Nd7 Rxh2 36. Nc5 b6 37. Na6 Rh1 38. d5 Kf8 39. Kd4 Rc1 40. Nb8
Ke7 0-1

[Event "XXV Weekend B"]
[Site "Robecchetto con Induno ITA"]
[Date "2014.12.27"]
[Round "3"]
[White "Gonella, Graziano"]
[Black "Vitale, Aurora"]
[WhiteElo "1174"]
[BlackElo "1410"]
[Result "0-1"]
[PlyCount "58"]
[EventDate "2014.12.26"]

1. e4 e5 2. Ne2 Nf6 3. f4 Nc6 4. fxe5 Nxe5 5. d4 Nc6 6. e5 Nd5 7. c4 Bb4+ 8.
Nbc3 Nxc3 9. bxc3 Be7 10. Bf4 d6 11. exd6 Bxd6 12. Qd2 O-O 13. d5 Na5 14. Qd4
Re8 15. Bxd6 Qxd6 16. c5 Qg6 17. Qa4 Re3 18. Qxa5 Bg4 19. Qxc7 Qc2 20. Kf2 Rae8
21. Re1 Bxe2 22. Bxe2 Rxe2+ 23. Rxe2 Qxe2+ 24. Kg3 Qe3+ 25. Kh4 Re4+ 26. g4 g5+
27. Kh5 Qh3+ 28. Kxg5 Qxg4+ 29. Kf6 Qg6# 0-1

[Event "XXV Weekend B"]
[Site "Robecchetto con Induno ITA"]
[Date "2014.12.27"]
[Round "3"]
[White "Koureas, Panicos"]
[Black "Minore, Antonino"]
[WhiteElo "1441"]
[BlackElo "1291"]
[Result "1-0"]
[PlyCount "53"]
[EventDate "2014.12.26"]

1. e4 e5 2. Nf3 d6 3. d4 exd4 4. Nxd4 Nf6 5. Nc3 Bd7 6. Bc4 Qe7 7. O-O g6 8.
Re1 c5 9. Nf3 a6 10. e5 dxe5 11. Nxe5 Be6 12. Bxe6 fxe6 13. Nc4 Nbd7 14. Nd6+
Kd8 15. Nxb7+ Kc7 16. Na5 h5 17. Bg5 Bg7 18. Nd5+ Nxd5 19. Bxe7 Nxe7 20. Nc4
Bd4 21. c3 Bg7 22. Qd6+ Kd8 23. Rad1 Nd5 24. Qxe6 N7f6 25. Rxd5+ Nxd5 26. Qxd5+
Kc7 27. Re7+ 1-0

[Event "XXV Weekend B"]
[Site "Robecchetto con Induno ITA"]
[Date "2014.12.27"]
[Round "3"]
[White "Loaldi, Davide"]
[Black "Rizzi, Domenico"]
[WhiteElo "1590"]
[BlackElo "1624"]
[Result "1/2-1/2"]
[PlyCount "87"]
[EventDate "2014.12.26"]

1. d4 d5 2. Nf3 e6 3. e3 Nf6 4. Bd3 Nc6 5. O-O Bd6 6. b3 e5 7. dxe5 Nxe5 8.
Nxe5 Bxe5 9. c3 Bxh2+ 10. Kh1 Bd6 11. g3 Qd7 12. Be2 Qh3+ 13. Kg1 Bg4 14. Bf3
Qh5 15. Nd2 Qg6 16. Bxg4 Nxg4 17. Nf3 c6 18. a4 h5 19. Nh4 Qe6 20. Qc2 g6 21.
Bb2 Be5 22. Rae1 Bf6 23. e4 O-O-O 24. exd5 Qd7 25. Nf3 h4 26. dxc6 Qxc6 27. Qe4
Qd7 28. Qc4+ Kb8 29. Re4 Rc8 30. Qb4 Qd3 31. Rxg4 Qxf3 32. Qd6+ Ka8 33. Rf4 Qe2
34. Qxf6 Qxb2 35. Rxh4 Rxh4 36. Qxh4 Qxb3 37. Rc1 Qc4 38. Qe7 a6 39. Qd7 Rc7
40. Qd8+ Ka7 41. Qd6 Rc5 42. Rb1 Rc6 43. Qd7 Rc7 44. Qd4+ 1/2-1/2

[Event "XXV Weekend B"]
[Site "Robecchetto con Induno ITA"]
[Date "2014.12.27"]
[Round "3"]
[White "Madaschi, Sergio"]
[Black "Loggia, Davide"]
[WhiteElo "1498"]
[BlackElo "1392"]
[Result "1-0"]
[PlyCount "115"]
[EventDate "2014.12.26"]

1. d4 d5 2. c4 e6 3. Nf3 Nf6 4. e3 c5 5. Nc3 cxd4 6. exd4 Nc6 7. cxd5 exd5 8.
Be2 Be7 9. O-O O-O 10. a3 Qb6 11. b4 a6 12. Bb2 Bg4 13. Na4 Qc7 14. Qd3 Bd7 15.
Nc3 Rfe8 16. Rfe1 Rad8 17. Rac1 Qf4 18. Bf1 Bf5 19. Qd2 Qxd2 20. Nxd2 Nxd4 21.
Na4 Nc6 22. b5 axb5 23. Bxb5 Bd7 24. Nb6 Na7 25. Bxf6 Bxb5 26. Bxe7 Rb8 27. Nf3
Bc6 28. Rcd1 Nc8 29. Nxc8 Rbxc8 30. Bb4 Red8 31. Nd4 g6 32. h3 Ba4 33. Rc1 Rc4
34. Rxc4 dxc4 35. Nf3 b5 36. Kh2 Rc8 37. Rc1 Re8 38. Rc3 Re2 39. Kg3 Rc2 40.
Rxc2 Bxc2 41. Nd4 Ba4 42. Kf4 f6 43. g3 Kf7 44. Ke4 Ke8 45. Kd5 Kd7 46. Kc5 h6
47. Nxb5 Bb3 48. Nd4 Ke7 49. Nxb3 cxb3 50. Bc3 Ke6 51. a4 Kd7 52. Kb4 Kc6 53.
Kxb3 Kc5 54. Bb4+ Kb6 55. Kc3 h5 56. f4 Kc6 57. Kd4 Kd7 58. Kd5 1-0

[Event "XXV Weekend B"]
[Site "Robecchetto con Induno ITA"]
[Date "2014.12.27"]
[Round "3"]
[White "Marchesotti, Giovanni"]
[Black "Beltrami, Jacopo"]
[WhiteElo "1475"]
[BlackElo "1642"]
[Result "1/2-1/2"]
[PlyCount "57"]
[EventDate "2014.12.26"]

1. f4 d5 2. Nf3 g6 3. d4 Bg7 4. e3 Nh6 5. Be2 Nd7 6. O-O O-O 7. c3 Nf6 8. Ne5
Nf5 9. g4 Nd6 10. Nd2 Nfe4 11. Nxe4 Nxe4 12. Bf3 Nf6 13. Bd2 Ne8 14. Nd3 c6 15.
b3 Nd6 16. Nf2 f5 17. g5 b6 18. Be1 Ba6 19. Be2 Bxe2 20. Qxe2 c5 21. Bd2 cxd4
22. cxd4 Rc8 23. Rfc1 Qd7 24. Bb4 Ne4 25. Nxe4 dxe4 26. Rc4 Rfd8 27. Qc2 e6 28.
Rc1 Rxc4 29. Qxc4 1/2-1/2

[Event "XXV Weekend B"]
[Site "Robecchetto con Induno ITA"]
[Date "2014.12.27"]
[Round "3"]
[White "Monzeglio, Graziella"]
[Black "Valtemara, Mattia Angelo"]
[WhiteElo "1224"]
[BlackElo "1444"]
[Result "0-1"]
[PlyCount "90"]
[EventDate "2014.12.26"]

1. d4 d5 2. Nf3 Nf6 3. e3 Bf5 4. Nbd2 h6 5. Be2 e6 6. O-O Be7 7. Re1 O-O 8. Nh4
Bh7 9. Bf3 g5 10. c4 c6 11. cxd5 cxd5 12. Bh5 gxh4 13. Qf3 Bg6 14. Bxg6 fxg6
15. e4 Kg7 16. Qe3 Nc6 17. Nf3 Rh8 18. Nxh4 dxe4 19. Qg3 Qe8 20. f3 Nh5 21. Qg4
Bxh4 22. Qxh4 exf3 23. gxf3 Qd7 24. Be3 Qe7 25. Qxe7+ Nxe7 26. Rac1 Rac8 27.
Rxc8 Rxc8 28. Rc1 Rxc1+ 29. Bxc1 Nd5 30. Kg2 Nb4 31. a3 Nd3 32. Be3 Nxb2 33. d5
Nc4 34. Bd4+ Kf7 35. dxe6+ Kxe6 36. Bxa7 Nxa3 37. Be3 g5 38. Kh3 b5 39. Kg4 Nf4
40. h4 Kf6 41. hxg5+ hxg5 42. Bxf4 gxf4 43. Kxf4 b4 44. Ke3 b3 45. Kd2 b2 0-1

[Event "XXV Weekend B"]
[Site "Robecchetto con Induno ITA"]
[Date "2014.12.27"]
[Round "3"]
[White "Mori, Claudio"]
[Black "Ossoli, Giuseppe"]
[WhiteElo "1377"]
[BlackElo "1541"]
[Result "1/2-1/2"]
[PlyCount "70"]
[EventDate "2014.12.26"]

1. Nf3 e6 2. d4 d5 3. e3 Nf6 4. c4 Be7 5. Nc3 a6 6. Bd3 h6 7. O-O O-O 8. a3 Bd7
9. cxd5 exd5 10. Qb3 b6 11. Nxd5 Bc6 12. Nxf6+ Bxf6 13. Be2 Bd5 14. Qc2 Qe7 15.
Bd2 Be4 16. Qc1 Qd7 17. Rd1 Nc6 18. Bc3 a5 19. Ne5 Qe6 20. Nxc6 Qxc6 21. f3 Bg6
22. Qd2 Rad8 23. Rac1 Qd6 24. Qe1 Rfe8 25. Qf2 Qe6 26. e4 Qb3 27. Bd3 c6 28.
Bc2 Qe6 29. Re1 Be7 30. Rcd1 Qc8 31. Re2 Qc7 32. Kh1 Rd7 33. Qg1 Red8 34. Qf2
b5 35. b4 a4 1/2-1/2

[Event "XXV Weekend B"]
[Site "Robecchetto con Induno ITA"]
[Date "2014.12.27"]
[Round "3"]
[White "Nava, Mario"]
[Black "Cella, Pietro"]
[WhiteElo "1241"]
[BlackElo "1466"]
[Result "1-0"]
[PlyCount "119"]
[EventDate "2014.12.26"]

1. Nf3 d5 2. d4 Nf6 3. h3 e6 4. c4 c6 5. Nc3 Be7 6. Bf4 O-O 7. e3 Qb6 8. Rb1 c5
9. Be2 Nc6 10. O-O Rd8 11. a3 Rd7 12. Qc2 dxc4 13. Bxc4 cxd4 14. exd4 Nxd4 15.
Nxd4 Qxd4 16. Ne2 Qb6 17. Rbd1 Bd6 18. Bg5 Nd5 19. Bxd5 exd5 20. Bf4 Be7 21.
Rd3 Rd8 22. Bc7 Qg6 23. Bxd8 Bxd8 24. Rxd5 Be6 25. Qxg6 hxg6 26. Rb5 Bc4 27.
Re5 f6 28. Re4 Bb5 29. Re1 f5 30. Re6 Bc4 31. Rxg6 Ba5 32. b4 Bb6 33. Rd6 Bc7
34. Rd2 Re8 35. Rc1 b5 36. Nc3 Bf4 37. Rdd1 Bxc1 38. Rxc1 Kf7 39. Rd1 Ke7 40.
Nd5+ Kf7 41. Ne3 Be6 42. Rd6 Ke7 43. Rd4 Rd8 44. Rxd8 Kxd8 45. Kf1 Kd7 46. Ke1
Kd6 47. f4 Ke7 48. Kd2 Kd6 49. Kc3 Bd7 50. Kd4 Bc6 51. Nxf5+ Ke6 52. g4 g6 53.
Ne3 Kd6 54. h4 Bd7 55. f5 gxf5 56. Nxf5+ Ke6 57. h5 Kf6 58. Ke4 Kg5 59. h6 Kxg4
60. h7 1-0

[Event "XXV Weekend B"]
[Site "Robecchetto con Induno ITA"]
[Date "2014.12.27"]
[Round "3"]
[White "Negro, Andrea"]
[Black "Pivari, Flavio"]
[WhiteElo "1389"]
[BlackElo "1476"]
[Result "1-0"]
[PlyCount "61"]
[EventDate "2014.12.26"]

1. d4 Nf6 2. c4 d5 3. Nc3 g6 4. cxd5 Nxd5 5. e4 Nxc3 6. bxc3 Bg7 7. Be3 c5 8.
Nf3 O-O 9. Be2 Bg4 10. O-O Nc6 11. Rb1 Qc8 12. Qb3 cxd4 13. cxd4 b6 14. Rfc1
Qb7 15. d5 Ne5 16. Bf4 Nxf3+ 17. Bxf3 Bxf3 18. Qxf3 Rac8 19. Qh3 Rxc1+ 20. Rxc1
h5 21. Rc7 Qa6 22. Qb3 Qe2 23. Qb1 Kh7 24. Rxe7 Rc8 25. Rxf7 Rc2 26. Be5 Kg8
27. Rxg7+ Kf8 28. Qb4+ Rc5 29. h3 Ke8 30. Qa4+ b5 31. Qxa7 1-0

[Event "XXV Weekend B"]
[Site "Robecchetto con Induno ITA"]
[Date "2014.12.27"]
[Round "3"]
[White "Pattano, Antonio"]
[Black "Colombo, Abner"]
[WhiteElo "1437"]
[BlackElo "1307"]
[Result "1-0"]
[PlyCount "63"]
[EventDate "2014.12.26"]

1. e4 c5 2. Nf3 g6 3. Nc3 Bg7 4. d3 Nc6 5. Bd2 e5 6. Qc1 h6 7. Be2 Nd4 8. Rb1
Nxf3+ 9. Bxf3 d6 10. Nd5 b6 11. c4 Ne7 12. Nc3 Nc6 13. Be3 Nb4 14. Qd2 a5 15.
a3 Nc6 16. Qe2 Ba6 17. g3 Rb8 18. Nb5 a4 19. O-O Nd4 20. Bxd4 cxd4 21. Qd1 Bxb5
22. cxb5 Ra8 23. Rc1 h5 24. h4 g5 25. Bxh5 gxh4 26. Qf3 Ra7 27. Qf5 Rc7 28. Bg4
hxg3 29. fxg3 Bh6 30. Rc6 Be3+ 31. Kg2 Rxc6 32. Qxf7# 1-0

[Event "XXV Weekend B"]
[Site "Robecchetto con Induno ITA"]
[Date "2014.12.27"]
[Round "3"]
[White "Persico, Lorenzo"]
[Black "Ciochetta, Giovanni"]
[WhiteElo "1408"]
[BlackElo "1587"]
[Result "0-1"]
[PlyCount "70"]
[EventDate "2014.12.26"]

1. e4 e5 2. Nf3 Nf6 3. Nc3 Nc6 4. Bc4 Bb4 5. d3 O-O 6. Bd2 d6 7. h3 Bd7 8. O-O
Na5 9. Bb3 Nxb3 10. cxb3 a6 11. a3 Ba5 12. b4 Bb6 13. Bg5 h6 14. Bh4 g5 15. Bg3
Nh5 16. Nd2 Nxg3 17. Re1 Qf6 18. Qf3 Qxf3 19. Nxf3 Bc6 20. Nd1 Nh5 21. g4 Nf4
22. Kh2 Nxd3 23. Re2 Nf4 24. Re1 a5 25. bxa5 Bxa5 26. Re3 Bb6 27. Re1 Rfe8 28.
Nd2 Ba5 29. b4 Bxb4 30. Ra2 Bxd2 31. Rxd2 Rxa3 32. Rc2 Rxh3+ 33. Kg1 Ra3 34.
Nc3 Rea8 35. Ne2 Nh3+ 0-1

[Event "XXV Weekend B"]
[Site "Robecchetto con Induno ITA"]
[Date "2014.12.27"]
[Round "3"]
[White "Sacchi, Luca"]
[Black "Bonuglia, Gabriele"]
[WhiteElo "1360"]
[BlackElo "1428"]
[Result "0-1"]
[PlyCount "48"]
[EventDate "2014.12.26"]

1. e4 c5 2. Nf3 d6 3. Bc4 e5 4. d3 Nc6 5. c3 Nf6 6. Bb3 Bg4 7. Nbd2 d5 8. h3
Bh5 9. Nf1 dxe4 10. Bxf7+ Bxf7 11. dxe4 Qxd1+ 12. Kxd1 Nxe4 13. Ke1 Bc4 14. Ne3
Be6 15. Ke2 c4 16. Rd1 Bc5 17. Nd2 Nxd2 18. Rxd2 O-O 19. b4 Bxe3 20. fxe3 Rf7
21. b5 Ne7 22. Rd6 Bd5 23. g3 a6 24. Rb1 axb5 0-1